LEADER 01744nam a2200337 a 4500 001 000000123052 003 CaOOAMICUS 005 20110120130920.0 008 100923t2010 vc u000 u ita r 020 $a978-88-465-0710-5 040 $aPUL$bita$dMCT 100 1 $aRipa, Andrea.$0(OLS)http://pul/name/77386 245 13$aLa novitą mancata :$bil valore probativo delle dichiarazioni delle parti dal Codice del 1983 alla Dignitas Connubii, il contributo della giurisprudenza rotale /$cAndrea Ripa. 260 $aCittą del Vaticano :$bLateran University Press,$c©2010. 300 $a262 p.$c21 cm 490 1 $aCorona Lateranensis ;$v43 500 $aInclude fonti. 502 $aTh. ad doctorandum in Iure Canonico Assequendum, Pontificia Universitą Lateranense, 2010. 504 $aBibliografia p. [249]-258. 650 4$aMatrimonio (diritto canonico).$0(OLS)http://pul/subject/475 830 0$aCorona Lateranensis ;$v43.$0(OLS)http://pul/title/684 850 $aPUL 852 $aPUL$W1$xSL Religione 2$y84$mTheol A5b 43$j141403$qStampati Altre Collocazioni$q $B140445$CPULBib$Z2$F140445 $H114868 $81 852 $aPUL$W1$xDP1 Tesi Pon Univ. Lateranense$y41$m2010 C 14$j142588$qTesi$B141549$CPULBib$Z2$F141549 $82 941 1 $a10 941 1 $a16 960 $aDiritto matrimoniale canonico$9475 996 $6020$a978-88-465-0710-5$9(OLS)http://pul/number/145412 996 $6245$aLa novitą mancata :$bil valore probativo delle dichiarazioni delle parti dal Codice del 1983 alla Dignitas Connubii, il contributo della giurisprudenza rotale$9(OLS)http://pul/title/155090 996 $6260$aCittą del Vaticano :$bLateran University Press$9(OLS)http://pul/publisher/74585 LEADER 01112nam a2200265 u 4500 001 000000077257 003 CaOOAMICUS 005 20070226123312.0 008 040123s1990 it a u000 u ita u 020 $a8834330072 035 $a10981953 040 $aPUL(R)$bita 245 03$aIl monastero di S. Ambrogio all'Universitą Cattolica /$ca cura di Maria Luisa Gatti Perer. 260 $aMilano :$bVita e pensiero,$c1990. 300 $a301 p. :$bill. ;$c28 cm +$epianta 500 $aContiene indici. 504 $aIndicazioni bibliografiche in nota. 610 24$aSant'Ambrogio (monastero : Milano).$0(OLS)http://pul/subject/35791 700 1 $aGatti, Maria Luisa.$0(OLS)http://pul/name/15967 850 $aPUL 852 $aPUL$W1$xSL Filosofia 1$y2$m138 A 161$j99281$nBK-PRI$b $qStampati$B99281$CPULBib$Z2$F99281 $HPUL65394 $81 941 1 $a8 996 $6020$a8834330072$9(OLS)http://pul/number/101268 996 $6245$aIl monastero di S. Ambrogio all'Universitą Cattolica$9(OLS)http://pul/title/101305 996 $6260$aMilano :$bVita e pensiero$9(OLS)http://pul/publisher/48016